000 00416cam a2200181ua 4500
001 1142
008 120504n II |||gr||||Z||||||asm
040 _aMAIN
041 _aEnglish
082 _a891.454 SHA
100 _aSRIMANTA SHANKARDEV.
245 _aRAM BIJAY NAT
260 _aGUWAHATI
_bDUTTA BARUAH & CO.
300 _a62:
_c20CM.
653 _aAsomiya Natak
700 _aDUTTABARUAH, H.N.
942 _cBK
999 _c1141
_d1141